Employer branding ako nástroj zvyšovania atraktivity zamestnávateľa bakalárska práca

Saved in:
Bibliographic Details
Main Author: Krizsanová, Lea Zuzana
Corporate Author: Národohospodárska fakulta EU. Katedra sociálneho rozvoja a práce
Other Authors: Antalová, Mária, 1952-
Format: Book
Language:Slovak
Published: Bratislava 2021
Tags: Add Tag
No Tags, Be the first to tag this record!

MARC

LEADER 00000nbm a2200000 4500
001 0275236
005 20220121101723.2
041 0 |a slo 
044 |a SK 
245 1 0 |a Employer branding ako nástroj zvyšovania atraktivity zamestnávateľa  |b bakalárska práca  |c Lea Zuzana Krizsanová ; školiteľ: Mária Antalová 
264 1 |a Bratislava  |c 2021 
300 |a 49 s. 
100 1 |a Krizsanová, Lea Zuzana 
700 1 |a Antalová, Mária, 1952- 
710 2 |a Národohospodárska fakulta EU. Katedra sociálneho rozvoja a práce